[Event "34. Kieler Open 2022"]
[Site "Kiel"]
[Date "2022.08.01"]
[Round "5.18"]
[White "Helms, Finn"]
[Black "Sturm, Simon"]
[Result "1/2-1/2"]
[WhiteElo "1973"]
[BlackElo "1569"]
[PlyCount "60"]
[EventDate "2022.??.??"]

1. d4 g6 2. Bf4 Bg7 3. Nc3 d6 4. Qd2 Nd7 5. Nf3 a6 6. e4 b5 7. Bd3 c5 8. dxc5
Nxc5 9. Rd1 Bb7 10. O-O Nf6 11. Qe2 Nxd3 12. cxd3 O-O 13. Qd2 Qd7 14. Bh6 b4
15. Ne2 a5 16. Nh4 Qg4 17. Bxg7 Kxg7 18. g3 e5 19. f3 Qe6 20. Qg5 Kh8 21. f4
Rg8 22. fxe5 Nd7 23. exd6 f6 24. Qe3 Qxd6 25. Nf3 Ba6 26. Nfd4 Ne5 27. Qf4 Rgf8
28. Nf3 Qb6+ 29. Kg2 Nxd3 30. Qd2 Nc5 1/2-1/2

[Event "34. Kieler Open 2022"]
[Site "Kiel"]
[Date "2022.08.01"]
[Round "5.19"]
[White "Lehmann, Simon"]
[Black "Browning, Rebecca"]
[Result "0-1"]
[WhiteElo "1531"]
[BlackElo "1938"]
[PlyCount "44"]
[EventDate "2022.??.??"]

1. c4 c6 2. Nf3 d5 3. cxd5 cxd5 4. d4 Nf6 5. Nc3 Nc6 6. e3 e6 7. Bd3 Bd6 8. O-O
O-O 9. a3 a6 10. Bd2 Na5 11. b4 Nc4 12. Qb3 b5 13. a4 Bd7 14. Ra2 Qe7 15. Rb1
Rfb8 16. a5 Rc8 17. Be1 Bc6 18. Ne2 Ra7 19. Bc3 Rac7 20. Rc2 Ne4 21. Bxe4 dxe4
22. Nd2 Bd5 0-1

[Event "34. Kieler Open 2022"]
[Site "Kiel"]
[Date "2022.08.01"]
[Round "5.20"]
[White "Zimmermann, Manfred"]
[Black "Menke, Raphael Wilhelm"]
[Result "0-1"]
[WhiteElo "1933"]
[BlackElo "1459"]
[PlyCount "76"]
[EventDate "2022.??.??"]

1. d4 Nf6 2. Nf3 d5 3. e3 e6 4. Bd3 Be7 5. Nbd2 O-O 6. O-O b6 7. b3 c5 8. Bb2
Bb7 9. Ne5 Nbd7 10. f4 Qc7 11. Rc1 Rac8 12. Rf3 c4 13. bxc4 dxc4 14. Ndxc4 Bxf3
15. Qxf3 Rfd8 16. Nxd7 Qxd7 17. Ne5 Qd5 18. c4 Qxf3 19. Nxf3 Rc7 20. h3 Rdc8
21. Kf2 a5 22. g4 Ne8 23. Nd2 Nd6 24. Kf3 f6 25. e4 a4 26. a3 Nb7 27. f5 Kf7
28. fxe6+ Kxe6 29. e5 Kf7 30. Bf5 Rd8 31. e6+ Kg8 32. Bc2 b5 33. c5 Nxc5 34.
Bd3 Nxe6 35. Bxb5 Rxc1 36. Bc4 Rc2 37. Bxe6+ Kf8 38. Nc4 Rb8 0-1

[Event "34. Kieler Open 2022"]
[Site "Kiel"]
[Date "2022.08.01"]
[Round "5.21"]
[White "Wunder, Niklas"]
[Black "Christensen, Andreas"]
[Result "1-0"]
[WhiteElo "2079"]
[BlackElo "1901"]
[PlyCount "59"]
[EventDate "2022.??.??"]

1. e4 c6 2. d4 d5 3. exd5 cxd5 4. Bd3 Nf6 5. h3 Nc6 6. Nf3 Bd7 7. c3 e6 8. Bf4
Na5 9. Nbd2 b5 10. O-O Be7 11. Ne5 Nc4 12. Ndxc4 dxc4 13. Bc2 O-O 14. a3 a5 15.
Qf3 Ra7 16. Rfe1 Qa8 17. Nxd7 Rxd7 18. Qe2 Qd5 19. Qf1 Qc6 20. Be5 Rfd8 21. f4
g6 22. g4 Nd5 23. f5 exf5 24. gxf5 Bg5 25. Qg2 f6 26. fxg6 h6 27. Bg3 Qb6 28.
Qf3 Qa7 29. Bf5 Re7 30. Be6+ 1-0

[Event "34. Kieler Open 2022"]
[Site "Kiel"]
[Date "2022.08.01"]
[Round "5.22"]
[White "Shtompel, Yuriy"]
[Black "Dittmann, Hans-Adolf"]
[Result "1-0"]
[WhiteElo "1897"]
[BlackElo "2063"]
[PlyCount "45"]
[EventDate "2022.??.??"]

1. e4 c5 2. Nf3 d6 3. d4 cxd4 4. Nxd4 Nf6 5. Nc3 a6 6. Be2 e5 7. Nb3 Be6 8. f4
Qc7 9. g4 exf4 10. g5 Nfd7 11. Bxf4 Nc6 12. Qd2 Nce5 13. O-O-O Be7 14. h4 O-O-O
15. Nd5 Bxd5 16. Qxd5 Kb8 17. Rh3 Nb6 18. Qd2 Qc6 19. Qd4 Nc8 20. Rc3 Qe8 21.
Na5 f6 22. Bxa6 bxa6 23. Rb3+ 1-0

[Event "34. Kieler Open 2022"]
[Site "Kiel"]
[Date "2022.08.01"]
[Round "5.23"]
[White "Schiller, Thomas"]
[Black "Schalla, Dieter"]
[Result "0-1"]
[WhiteElo "1723"]
[BlackElo "2023"]
[PlyCount "32"]
[EventDate "2022.??.??"]

1. f4 e5 2. e4 Nc6 3. Nf3 Bc5 4. Bc4 d6 5. Nc3 Nf6 6. d3 Bg4 7. Na4 Bxf3 8.
Qxf3 Nd4 9. Qd1 b5 10. Bxf7+ Kxf7 11. Nxc5 Re8 12. c3 dxc5 13. cxd4 Qxd4 14.
fxe5 Rxe5 15. Bf4 Nxe4 16. Qf3 Ng5+ 0-1

[Event "34. Kieler Open 2022"]
[Site "Kiel"]
[Date "2022.08.01"]
[Round "5.24"]
[White "Link, Oliver"]
[Black "Langfeldt, Lars"]
[Result "1/2-1/2"]
[WhiteElo "2022"]
[BlackElo "1844"]
[Annotator "HJ"]
[PlyCount "75"]
[EventDate "2022.??.??"]

1. e4 c5 2. Nf3 d6 3. c3 Nf6 4. Be2 e6 5. e5 dxe5 6. Nxe5 Bd6 7. d4 cxd4 8.
Bb5+ Nbd7 9. Nc4 Bc7 10. Qxd4 O-O 11. Bg5 e5 12. Qd2 a6 13. Bxd7 Bxd7 14. Bxf6
gxf6 15. Nba3 Bf5 16. O-O-O Be6 17. Qh6 Qe7 18. Rd3 Kh8 19. Rf3 f5 20. Re3 f6
21. f4 e4 22. g4 Qg7 23. Qxg7+ Kxg7 24. Rf1 {(=)} b5 25. Nd2 Bb6 26. Rg3 Kf7
27. Nc2 Rad8 28. Ne3 Bxe3 29. Rxe3 fxg4 30. Nxe4 Bxa2 31. Nc5 Bd5 32. Rfe1 Rfe8
33. Rxe8 Rxe8 34. Rxe8 Kxe8 35. Nxa6 Kd7 36. Kd2 Kd6 37. Ke3 h5 38. Nb4 1/2-1/2

[Event "34. Kieler Open 2022"]
[Site "Kiel"]
[Date "2022.08.01"]
[Round "5.25"]
[White "Fuhrmann, Ake"]
[Black "Werner, Tom"]
[Result "1/2-1/2"]
[WhiteElo "1942"]
[BlackElo "1757"]
[PlyCount "91"]
[EventDate "2022.??.??"]

1. d4 d5 2. c4 e6 3. Nf3 Nf6 4. g3 c6 5. Bg2 Bd6 6. O-O O-O 7. Nc3 Nbd7 8. Nd2
dxc4 9. Nxc4 Nb6 10. Nxd6 Qxd6 11. Bf4 Qe7 12. e4 Rd8 13. e5 Nfd5 14. Ne4 Nxf4
15. gxf4 Qh4 16. Nd6 Rxd6 17. exd6 Qxf4 18. Re1 Qxd6 19. Qh5 Nd7 20. Rad1 Nf6
21. Qh4 Bd7 22. Rd3 Qb4 23. Red1 Qxb2 24. Rg3 Qc2 25. Rdd3 Qc1+ 26. Bf1 Nd5 27.
Rb3 b5 28. Qg4 g6 29. Rbf3 f5 30. Qh4 Kg7 31. Rh3 h6 32. Qg3 Qg5 33. Qxg5 hxg5
34. Rb3 g4 35. Rhd3 a5 36. Bg2 Nf4 37. Rd1 Nxg2 38. Kxg2 Rd8 39. Rc3 Kf6 40.
Rc5 Be8 41. h3 gxh3+ 42. Kxh3 Kg5 43. Kg3 Rd5 44. f4+ Kf6 45. Rxd5 exd5 46. Rh1
1/2-1/2

[Event "34. Kieler Open 2022"]
[Site "Kiel"]
[Date "2022.08.01"]
[Round "5.26"]
[White "Doll, Rebecca"]
[Black "Saar, Christian"]
[Result "1/2-1/2"]
[WhiteElo "1933"]
[BlackElo "1648"]
[PlyCount "80"]
[EventDate "2022.??.??"]

1. e4 c5 2. Nf3 Nc6 3. d4 cxd4 4. Nxd4 g6 5. c4 Bg7 6. Be3 Nf6 7. Nc3 Ng4 8.
Qxg4 Nxd4 9. Qd1 Ne6 10. Rc1 b6 11. Be2 Bb7 12. f3 O-O 13. O-O d6 14. Qd2 a5
15. b3 Bc6 16. Rfd1 a4 17. b4 a3 18. Bf1 Ba4 19. Re1 Qd7 20. Nd5 Qb7 21. Nxb6
Bb2 22. Nxa8 Rxa8 23. Rb1 Rb8 24. b5 Nc5 25. Rxb2 axb2 26. Qxb2 Ra8 27. e5 Qb6
28. Kh1 Qa5 29. Rc1 h5 30. exd6 exd6 31. Qd4 Rd8 32. Bg5 Ne6 33. Qh4 Nxg5 34.
Qxg5 d5 35. cxd5 Qb6 36. Rc6 Qa5 37. Kg1 Re8 38. Qc1 Re1 39. Rc8+ Kh7 40. Qc5
Bxb5 1/2-1/2

[Event "34. Kieler Open 2022"]
[Site "Kiel"]
[Date "2022.08.01"]
[Round "5.27"]
[White "Hebbinghaus, Holger"]
[Black "Ahrens, Jan"]
[Result "1-0"]
[WhiteElo "2272"]
[BlackElo "1716"]
[PlyCount "81"]
[EventDate "2022.??.??"]

1. Nf3 d5 2. c4 c6 3. g3 Nf6 4. Bg2 e6 5. O-O Be7 6. d4 O-O 7. Qc2 Nbd7 8. Nbd2
b6 9. e4 dxc4 10. Nxc4 Bb7 11. Nfe5 c5 12. Nxd7 Qxd7 13. dxc5 Bxc5 14. Bg5 Ng4
15. h3 Bxf2+ 16. Rxf2 Nxf2 17. Qxf2 Qb5 18. Nd6 Qxg5 19. Nxb7 Rac8 20. Nd6 Rc5
21. a4 a6 22. Rf1 Qe7 23. b4 Qxd6 24. bxc5 bxc5 25. Kh2 e5 26. Qc2 Rc8 27. Qc4
Qe6 28. Qxe6 fxe6 29. Rc1 Kf7 30. Bf1 a5 31. Kg2 g5 32. Kf3 h5 33. Ke3 Rb8 34.
Rxc5 Rb3+ 35. Bd3 Rb2 36. Rxe5 Rh2 37. Bf1 Ra2 38. Rxa5 Kf6 39. e5+ Kg7 40.
Ra7+ Kf8 41. a5 1-0

[Event "34. Kieler Open 2022"]
[Site "Kiel"]
[Date "2022.08.01"]
[Round "5.28"]
[White "Weihrauch, Jakob"]
[Black "Rohmann, Volker"]
[Result "1-0"]
[WhiteElo "2183"]
[BlackElo "1746"]
[PlyCount "63"]
[EventDate "2022.??.??"]

1. e4 e5 2. Nf3 Nc6 3. Bc4 Bc5 4. c3 Qe7 5. d4 Bb6 6. O-O d6 7. a4 a6 8. d5 Nd8
9. a5 Ba7 10. Bd3 Nf6 11. b4 O-O 12. Re1 Ne8 13. Nbd2 g6 14. Nf1 Ng7 15. Be3
Bxe3 16. fxe3 f6 17. c4 Nf7 18. Qc2 Bd7 19. c5 Rfc8 20. c6 bxc6 21. dxc6 Be8
22. Rec1 Rcb8 23. Rab1 Nd8 24. Bxa6 d5 25. exd5 Rxb4 26. Bc4 Kh8 27. a6 Nf7 28.
N3d2 Nf5 29. Ne4 Rxc4 30. Qxc4 N7d6 31. Nxd6 Nxd6 32. Qa4 1-0

[Event "34. Kieler Open 2022"]
[Site "Kiel"]
[Date "2022.08.01"]
[Round "5.29"]
[White "Horn, Peter"]
[Black "Ahrens, Gunnar"]
[Result "1-0"]
[WhiteElo "2132"]
[BlackElo "1677"]
[PlyCount "83"]
[EventDate "2022.??.??"]

1. c4 g6 2. d4 Bg7 3. e4 d6 4. Nc3 e5 5. dxe5 dxe5 6. Qxd8+ Kxd8 7. f4 Nc6 8.
Nf3 Nge7 9. fxe5 Nxe5 10. Bf4 f6 11. O-O-O+ Bd7 12. Be2 Kc8 13. Rhf1 c6 14.
Nxe5 fxe5 15. Bg5 Re8 16. Rf7 Bf8 17. Rdf1 h6 18. Be3 Kc7 19. Rh7 Ng8 20. Rff7
Rad8 21. Bxa7 Re7 22. c5 Rxf7 23. Rxf7 Kc8 24. Bb6 Re8 25. Na4 Be7 26. Ba5 Be6
27. Rg7 Bg5+ 28. Kc2 Ne7 29. Nb6+ Kb8 30. Bc3 Bf6 31. Rh7 h5 32. Bc4 Bc8 33.
Rf7 Bh8 34. b4 Kc7 35. a4 Bd7 36. b5 Kd8 37. Ba5 Bc8 38. Nxc8+ Kxc8 39. Be6+
Kb8 40. Bd7 Rf8 41. Rxf8+ Ka7 42. Bb6# 1-0

[Event "34. Kieler Open 2022"]
[Site "Kiel"]
[Date "2022.08.01"]
[Round "5.30"]
[White "Schirmag, Wolfgang"]
[Black "Callsen, Niklas"]
[Result "0-1"]
[WhiteElo "1748"]
[BlackElo "2107"]
[PlyCount "74"]
[EventDate "2022.??.??"]

1. d4 Nf6 2. Nf3 g6 3. Bf4 Bg7 4. e3 d6 5. c3 O-O 6. Be2 c5 7. h3 Qb6 8. Qc1
Nc6 9. Nbd2 cxd4 10. Nc4 Qc7 11. exd4 Bd7 12. O-O b5 13. Ncd2 Rab8 14. Nb3 a5
15. Nc5 Bc8 16. Nd3 Re8 17. Bh2 Qb6 18. Nf4 Bh6 19. Nd5 Bxc1 20. Nxb6 Bxb2 21.
Rab1 Bxc3 22. Nxc8 Rexc8 23. Bxb5 Nxd4 24. Nxd4 Bxd4 25. Bf4 Nd5 26. Bh6 Nc3
27. Bd7 Nxb1 28. Bxc8 Nc3 29. Bd7 Rb2 30. a4 Ne4 31. Rc1 Bxf2+ 32. Kh1 Nc5 33.
Be8 Bd4 34. Rf1 f5 35. g4 Ne4 36. Rf3 Nf2+ 37. Kg2 Nxg4+ 0-1

[Event "34. Kieler Open 2022"]
[Site "Kiel"]
[Date "2022.08.01"]
[Round "5.31"]
[White "Lippmann, Kai"]
[Black "Vollbehr, Bjarne"]
[Result "1-0"]
[WhiteElo "1952"]
[BlackElo "1654"]
[PlyCount "87"]
[EventDate "2022.??.??"]

1. c4 g6 2. g3 Bg7 3. Bg2 e5 4. e3 Nc6 5. Ne2 d6 6. Nbc3 f5 7. b3 Nf6 8. O-O
O-O 9. Bb2 Rb8 10. Rc1 e4 11. d4 exd3 12. Qxd3 Ne5 13. Qc2 a6 14. Rfd1 Qe8 15.
Nd5 Nxd5 16. Bxd5+ Be6 17. Bg2 Bc8 18. Rd2 g5 19. c5 dxc5 20. Qxc5 c6 21. Rcd1
Nf7 22. Ba3 f4 23. Qa7 Bg4 24. Bxf8 Bxf8 25. h3 Bxe2 26. Rxe2 fxg3 27. fxg3 Qe5
28. Rc1 Ba3 29. Rc4 c5 30. Kh2 Qc7 31. Bd5 h5 32. Rf2 Rf8 33. Qxb7 Qxb7 34.
Bxb7 Ne5 35. Rxf8+ Kxf8 36. Ra4 Bc1 37. Rxa6 Bxe3 38. Re6 Bd4 39. a4 Nf7 40.
Bd5 Nd8 41. Re2 Bc3 42. Kg2 Kg7 43. Re8 Bf6 44. a5 1-0

[Event "34. Kieler Open 2022"]
[Site "Kiel"]
[Date "2022.08.01"]
[Round "5.32"]
[White "Gombert, Reiner"]
[Black "Dittmar, Markus"]
[Result "1-0"]
[WhiteElo "1915"]
[BlackElo "1615"]
[PlyCount "105"]
[EventDate "2022.??.??"]

1. d4 Nf6 2. Nf3 g6 3. c4 Bg7 4. Nc3 O-O 5. e4 d6 6. Be2 Nbd7 7. h3 e5 8. dxe5
dxe5 9. O-O c6 10. Be3 Qc7 11. Qc2 Nb6 12. c5 Nbd7 13. Rfd1 Re8 14. Rd2 Bf8 15.
Na4 b5 16. cxb6 axb6 17. b3 Bb7 18. Ne1 Bb4 19. Rdd1 Bf8 20. Rac1 c5 21. f3 Nb8
22. Nc3 Nc6 23. Nb5 Qb8 24. Bc4 Nd4 25. Qf2 Bc6 26. a4 Qb7 27. Bg5 Nh5 28. Nd3
h6 29. Be3 Kg7 30. g4 Nf6 31. Nxd4 exd4 32. Bd2 Re7 33. Qh4 Ng8 34. Rf1 Kh7 35.
Rce1 Bg7 36. Qg3 Rae8 37. Bf4 g5 38. Bd2 Qc7 39. Qf2 Nf6 40. h4 gxh4 41. Qxh4
Rh8 42. g5 Ne8 43. Bf4 Qd7 44. Kf2 Kg8 45. gxh6 Bf6 46. Rg1+ Kh7 47. Bg5 Bxg5
48. Qxg5 Qd6 49. Qf5+ Qg6 50. Rxg6 fxg6 51. Qg5 Rc7 52. Nf4 Rf8 53. Ne6 1-0

[Event "34. Kieler Open 2022"]
[Site "Kiel"]
[Date "2022.08.01"]
[Round "5.33"]
[White "Koch, Ralf-Johannes"]
[Black "Quiring, Nikolai"]
[Result "0-1"]
[WhiteElo "1736"]
[BlackElo "1915"]
[PlyCount "90"]
[EventDate "2022.??.??"]

1. e4 e6 2. d4 d5 3. Nc3 Nf6 4. e5 Nfd7 5. f4 c5 6. Nf3 Qb6 7. Na4 Qa5+ 8. c3
c4 9. b4 cxb3 10. Qxb3 a6 11. Bd2 b5 12. Nb2 Nc6 13. Be2 Nb6 14. O-O Nc4 15.
Nxc4 bxc4 16. Qc2 Be7 17. g4 g6 18. Rfe1 Bd7 19. Bf1 Na7 20. a4 Rb8 21. Reb1
O-O 22. Bh3 Qc7 23. f5 Rxb1+ 24. Rxb1 Rb8 25. f6 Bf8 26. Rxb8 Qxb8 27. Qc1 Bxa4
28. Bh6 a5 29. Qg5 Bc2 30. Qh4 Bxh6 31. Qxh6 Qf8 32. Qh4 Kh8 33. Qf2 Bb3 34.
Ng5 a4 35. Nxe6 Qh6 36. Nf4 a3 37. g5 Qxg5+ 38. Ng2 a2 39. Qf1 Kg8 40. e6 fxe6
41. Bxe6+ Kf8 42. h4 Qd2 43. f7 Qd1 44. Ne1 a1=Q 45. Qf6 Qxe1+ 0-1

[Event "34. Kieler Open 2022"]
[Site "Kiel"]
[Date "2022.08.01"]
[Round "5.34"]
[White "Papesch, Dennis"]
[Black "Wartenberg, Alissa"]
[Result "0-1"]
[WhiteElo "1910"]
[BlackElo "1632"]
[PlyCount "66"]
[EventDate "2022.??.??"]

1. d4 d5 2. Nf3 Nf6 3. e3 e6 4. Bd3 c5 5. O-O Nc6 6. b3 cxd4 7. exd4 Be7 8. Bb2
O-O 9. Nbd2 b6 10. Ne5 Nxe5 11. dxe5 Nd7 12. Kh1 Nc5 13. Be2 Qc7 14. f4 Rd8 15.
Nf3 Bf8 16. Nd4 g6 17. Bf3 Bb7 18. Qe1 Bg7 19. Rc1 Ba6 20. Rg1 Rac8 21. g4 Kh8
22. Qh4 Ne4 23. g5 Qe7 24. Rce1 Qe8 25. Re3 Bb7 26. Be2 Rxc2 27. Nxc2 d4 28.
Bf3 dxe3 29. Nxe3 Qc6 30. Rf1 Qc7 31. Ng4 Nd2 32. Bxb7 Qxb7+ 33. Kg1 Nf3+ 0-1

[Event "34. Kieler Open 2022"]
[Site "Kiel"]
[Date "2022.08.01"]
[Round "5.35"]
[White "Steiner, Peter Markus"]
[Black "Walther, Joachim"]
[Result "1/2-1/2"]
[WhiteElo "1690"]
[BlackElo "1910"]
[PlyCount "79"]
[EventDate "2022.??.??"]

1. b4 a5 2. b5 d6 3. Bb2 e5 4. e3 Nf6 5. c4 g6 6. Nf3 Bg7 7. Be2 O-O 8. d4 exd4
9. Nxd4 Nbd7 10. Nc3 Re8 11. O-O Nc5 12. a4 Qe7 13. Bf3 Rb8 14. Nd5 Nxd5 15.
Bxd5 Bd7 16. Qc2 Kh8 17. Bc3 b6 18. Nb3 Nxb3 19. Qxb3 f5 20. Qb2 Bxc3 21. Qxc3+
Qe5 22. Qxe5+ Rxe5 23. Rfe1 Rbe8 24. Kf1 R8e7 25. Rad1 Kg7 26. Rd4 g5 27. g3
Kf6 28. Kg2 g4 29. h4 h5 30. Kf1 {(=)} Be6 31. Red1 Bxd5 32. Rxd5 Re4 33. R1d4
R7e5 34. Rxe4 Rxd5 35. Rd4 Rxd4 36. exd4 Ke6 37. Ke2 Kf6 {(=)} 38. Kd3 Ke6 39.
Ke3 Kf6 40. Kd3 1/2-1/2

[Event "34. Kieler Open 2022"]
[Site "Kiel"]
[Date "2022.08.01"]
[Round "5.36"]
[White "Strebel, Michael"]
[Black "Giede, Anna-Blume"]
[Result "0-1"]
[WhiteElo "1909"]
[BlackElo "1597"]
[PlyCount "94"]
[EventDate "2022.??.??"]

1. f4 Nf6 2. Nf3 g6 3. d3 d5 4. e3 Bg7 5. Nbd2 c5 6. e4 Ng4 7. Qe2 d4 8. Nb3 b6
9. h3 Nf6 10. g4 Qc7 11. Bg2 Bb7 12. Bd2 Nc6 13. O-O-O a5 14. Kb1 a4 15. Nc1 b5
16. Qf2 Nd7 17. e5 Nb6 18. Ng5 h6 19. Ne4 c4 20. Nc5 Rd8 21. Nxb7 Qxb7 22. Ba5
Qc7 23. Bxc6+ Qxc6 24. dxc4 bxc4 25. Ne2 c3 26. Nxc3 (26. Nxd4) 26... dxc3 27.
Rxd8+ Kxd8 28. Qxb6+ Qxb6 29. Bxb6+ Kd7 30. Ba5 cxb2 31. Kxb2 Rc8 32. Rd1+ Ke6
33. c3 Rc4 34. Rf1 Re4 35. Bb6 f6 36. exf6 Bxf6 37. f5+ gxf5 38. gxf5+ Kf7 39.
Rf3 Rc4 40. Ba5 Be5 41. Kc2 Kf6 42. Kb2 Bd6 {(=)} 43. Bb6 Be5 44. Bf2 Bf4 45.
Bh4+ Bg5 46. Bg3 Re4 47. Ka3 Bc1# 0-1

[Event "34. Kieler Open 2022"]
[Site "Kiel"]
[Date "2022.08.01"]
[Round "5.37"]
[White "Riechenberg, Sebastian"]
[Black "Lutze, Max"]
[Result "1-0"]
[WhiteElo "1606"]
[BlackElo "1892"]
[PlyCount "65"]
[EventDate "2022.??.??"]

1. e4 c5 2. Nf3 g6 3. d4 cxd4 4. Qxd4 Nf6 5. Nc3 Nc6 6. Qa4 Bg7 7. e5 Ng8 8.
Bf4 Nh6 9. Rd1 O-O 10. Bc4 Kh8 11. Bd5 Qb6 12. Bxh6 Bxh6 13. Qh4 Kg7 14. Bxc6
dxc6 15. Qxe7 Qxb2 16. Ne4 Qxc2 17. Qf6+ Kg8 18. Qh4 Bg7 19. O-O h5 20. Rd2
Qxd2 21. Nexd2 Be6 22. a3 Rad8 23. Qa4 a6 24. Qb4 Rd7 25. Ne4 Rfd8 26. Nf6+
Bxf6 27. exf6 b5 28. Qf4 Rd1 29. Qh6 Rxf1+ 30. Kxf1 Bc4+ 31. Ke1 Re8+ 32. Kd1
Bb3+ 33. Kc1 1-0

[Event "34. Kieler Open 2022"]
[Site "Kiel"]
[Date "2022.08.01"]
[Round "5.38"]
[White "Schmidt, Peter"]
[Black "Korte, Andreas"]
[Result "1-0"]
[WhiteElo "1877"]
[BlackElo "1560"]
[PlyCount "85"]
[EventDate "2022.??.??"]

1. e4 c5 2. d4 cxd4 3. c3 d6 4. cxd4 g6 5. Nc3 a6 6. Bc4 e6 7. f4 b5 8. Bb3 Nd7
9. Nf3 Bb7 10. Qe2 Bg7 11. O-O Ne7 12. a3 Nb6 13. f5 gxf5 14. Bg5 fxe4 15. Nxe4
Bxe4 16. Qxe4 d5 17. Qh4 Nd7 18. Rae1 h6 19. Bxe7 Qxe7 20. Qxe7+ Kxe7 21. Bxd5
Rac8 22. Bb3 Rc7 23. Rd1 Rhc8 {(=)} 24. d5 Rc5 25. dxe6 fxe6 26. Rfe1 R8c6 27.
Re2 Rc1 28. Rxe6+ Kd8 29. Rxc6 Rxc6 30. Nd4 Bxd4+ 31. Rxd4 Ke7 32. Kf2 Nf8 33.
Re4+ Kf6 34. Rf4+ Kg7 35. Rf7+ Kg6 36. Rxf8 Rd6 37. Ke3 Rd7 38. Re8 a5 39. Re5
a4 40. Bc2+ Kf6 41. Rxb5 Re7+ 42. Kf3 Re6 43. Bxa4 1-0

[Event "34. Kieler Open 2022"]
[Site "Kiel"]
[Date "2022.08.01"]
[Round "5.39"]
[White "Kort, Felix"]
[Black "Lehrer, Manuel"]
[Result "1-0"]
[WhiteElo "1858"]
[BlackElo "1551"]
[PlyCount "71"]
[EventDate "2022.??.??"]

1. d4 Nf6 2. c4 e6 3. Nc3 Bb4 4. Qc2 O-O 5. e4 d5 6. e5 Ne4 7. Bd3 c5 8. Nf3
cxd4 9. Nxd4 Nd7 10. Bf4 Qh4 11. g3 Qh5 12. O-O g5 13. cxd5 gxf4 14. dxe6 Nxe5
15. exf7+ Rxf7 16. Bxe4 f3 17. Bd5 Qh3 18. Nxf3 Nxf3+ 19. Bxf3 Rxf3 20. Qb3+
Be6 21. Qxb4 Raf8 22. Rad1 Bg4 23. Rd4 Rxg3+ 24. hxg3 Bf3 25. Qxf8+ Kxf8 26.
Rf4+ Kg7 27. Rxf3 Qe6 28. Re3 Qb6 29. Re2 h5 30. Rfe1 Qd4 31. Re4 Qd2 32. R1e2
Qc1+ 33. Kg2 Qg5 34. Re7+ Kf8 35. Re8+ Kf7 36. R2e7+ 1-0

[Event "34. Kieler Open 2022"]
[Site "Kiel"]
[Date "2022.08.01"]
[Round "5.40"]
[White "Storm, Max"]
[Black "Gressmann, Hanna"]
[Result "0-1"]
[WhiteElo "1550"]
[BlackElo "1856"]
[PlyCount "78"]
[EventDate "2022.??.??"]

1. e4 Nf6 2. e5 Nd5 3. d4 d6 4. exd6 exd6 5. Nf3 Bg4 6. h3 Bh5 7. Be2 Nc6 8.
O-O Be7 9. c4 Nb6 10. b3 O-O 11. Bb2 Bf6 12. Nbd2 Re8 13. Re1 a5 14. Qc2 Bg6
15. Bd3 Nb4 16. Bxg6 Nxc2 17. Bxc2 Rxe1+ 18. Rxe1 a4 19. Ne4 d5 20. Nxf6+ gxf6
21. c5 axb3 22. Bxb3 Nc4 23. Re2 Qd7 24. Bc3 Re8 25. Rc2 Qf5 26. Rc1 Re2 27.
Rd1 b6 28. Kf1 Re8 29. Rc1 bxc5 30. dxc5 Ne5 31. Bc2 Qf4 32. Bd2 Qc4+ 33. Kg1
Nxf3+ 34. gxf3 Qxa2 35. Bh6 Kh8 36. Kh2 Rg8 37. Be3 Qb2 38. Bd1 Qe5+ 39. Kh1
Qh5 0-1

[Event "34. Kieler Open 2022"]
[Site "Kiel"]
[Date "2022.08.02"]
[Round "6.1"]
[White "Ruhland, Cliff"]
[Black "Arndt, Magnus"]
[Result "1/2-1/2"]
[WhiteElo "1997"]
[BlackElo "2359"]
[PlyCount "21"]
[EventDate "2022.??.??"]

1. e4 e5 2. Nf3 Nc6 3. d4 exd4 4. Nxd4 Bb4+ 5. c3 Bc5 6. Be3 Bb6 7. Nd2 Nf6 8.
Be2 O-O 9. f4 Re8 10. Qc2 Ng4 11. Bg1 1/2-1/2

[Event "34. Kieler Open 2022"]
[Site "Kiel"]
[Date "2022.08.02"]
[Round "6.2"]
[White "Nahnsen, Kenneth"]
[Black "Legky, Nikolay A"]
[Result "0-1"]
[WhiteElo "1972"]
[BlackElo "2374"]
[PlyCount "64"]
[EventDate "2022.??.??"]

1. d4 d5 2. Nc3 Nf6 3. Bf4 a6 4. e3 Bf5 5. f3 e6 6. g4 Bg6 7. h4 h5 8. g5 Ng8
9. Bd3 Bxd3 10. Qxd3 Nd7 11. g6 f6 12. e4 {(=)} Nb6 13. O-O-O Qd7 14. exd5 Nxd5
15. Nxd5 Qxd5 16. c4 Qc6 17. d5 exd5 18. Qe2+ Ne7 19. Rxd5 Rd8 20. Rxd8+ Kxd8
21. Nh3 Kc8 22. Rd1 Nxg6 23. Qd3 Qe8 24. Bg3 Bd6 25. Qf5+ Kb8 26. Bxd6 cxd6 27.
Rxd6 Qe3+ 28. Kc2 Rc8 29. b3 Nxh4 30. Qxh5 Nxf3 31. Qd5 Ne5 32. Qe6 Rh8 0-1

[Event "34. Kieler Open 2022"]
[Site "Kiel"]
[Date "2022.08.02"]
[Round "6.3"]
[White "Popvasilev, Kaloyan"]
[Black "Doll, Alexander"]
[Result "0-1"]
[WhiteElo "2208"]
[BlackElo "2180"]
[PlyCount "106"]
[EventDate "2022.??.??"]

1. e4 e5 2. Nf3 Nc6 3. Bb5 a6 4. Ba4 Nf6 5. Qe2 b5 6. Bb3 Bc5 7. c3 d6 8. h3
O-O 9. d3 Be6 10. Bg5 Bxb3 11. axb3 Qe7 12. Nbd2 Qe6 13. Nh4 h6 14. Bxf6 Qxf6
15. Nf5 Kh7 16. O-O Bb6 17. Kh1 g6 18. Ne3 Ne7 19. Rae1 Rac8 20. f4 exf4 21.
Ng4 Qe6 22. Rxf4 f5 23. exf5 Qxe2 24. Rxe2 gxf5 25. Re6 fxg4 26. Rxf8 Rxf8 27.
Rxe7+ Kg6 28. hxg4 Rf2 29. Ne4 Rxb2 30. Re6+ Kf7 31. Rxh6 Rxb3 32. g5 b4 33.
Rf6+ Kg8 34. cxb4 Rxd3 35. Kh2 Bd4 36. Rf5 Be5+ 37. Kg1 Rd4 38. Nf6+ Bxf6 39.
gxf6 Rxb4 40. Ra5 Kf7 41. Rxa6 Rb8 42. Kf2 Kxf6 43. g4 Ke5 44. Rc6 Rc8 45. Ke3
Kd5 46. Rc1 c5 47. g5 Ke5 48. g6 Re8 49. Rg1 Kf6+ 50. Kf4 Kg7 51. Kf5 Re3 52.
Rd1 Re5+ 53. Kf4 Re6 0-1

[Event "34. Kieler Open 2022"]
[Site "Kiel"]
[Date "2022.08.02"]
[Round "6.4"]
[White "Rudolph, Johannes"]
[Black "Dietrich, Leif"]
[Result "1-0"]
[WhiteElo "2363"]
[BlackElo "1857"]
[PlyCount "97"]
[EventDate "2022.??.??"]

1. d4 Nf6 2. c4 g6 3. Nc3 Bg7 4. e4 d6 5. Be2 O-O 6. Be3 e5 7. d5 Na6 8. h4 Nc5
9. Qc2 Ng4 10. Bxg4 Bxg4 11. h5 a5 12. f3 Bd7 13. hxg6 hxg6 14. g4 f6 15. O-O-O
Kf7 16. Qg2 Qe7 17. Nh3 Na4 18. Nxa4 Bxa4 19. Rdf1 g5 20. Nf2 Rh8 21. Rxh8 Rxh8
22. Rh1 Qe8 23. Rxh8 Qxh8 24. Qh1 Qxh1+ 25. Nxh1 Bf8 26. Ng3 Bd7 27. Bd2 a4 28.
Kc2 Be7 29. Ne2 Bd8 30. Bb4 Ke7 31. Nc3 c5 32. dxc6 bxc6 33. c5 d5 34. exd5 Kf7
35. d6 f5 36. gxf5 Bxf5+ 37. Kd2 g4 38. fxg4 Bg5+ 39. Ke1 Bxg4 40. Nxa4 e4 41.
Kf2 e3+ 42. Kg3 Bd1 43. Nb6 e2 44. a4 Bf6 45. a5 Bd4 46. d7 Bxc5 47. d8=Q Bxb4
48. Qd7+ Kg8 49. Qg4+ 1-0

[Event "34. Kieler Open 2022"]
[Site "Kiel"]
[Date "2022.08.02"]
[Round "6.5"]
[White "Browning, Rebecca"]
[Black "Browning, Alex"]
[Result "0-1"]
[WhiteElo "1938"]
[BlackElo "2294"]
[PlyCount "96"]
[EventDate "2022.??.??"]

1. d4 Nf6 2. c4 c5 3. d5 e6 4. Nc3 d6 5. e4 g6 6. Nf3 Bg7 7. Be2 O-O 8. Nd2
Nbd7 9. g4 exd5 10. cxd5 Ne5 11. g5 Nh5 12. Nf1 c4 13. f4 Nd3+ 14. Bxd3 cxd3
15. Qxd3 f5 16. Be3 fxe4 17. Qd2 Bg4 18. Ng3 Bf3 19. Rf1 Nxg3 20. hxg3 Qd7 21.
Qh2 b5 22. Rb1 Rac8 23. Ne2 Rc2 24. Rf2 Rfc8 25. Ng1 Rxf2 26. Qxf2 Bg4 27. Bd4
Rc4 28. Bf6 Qc7 29. Qe3 Qa5+ 30. Kf1 Qxa2 31. Rc1 Bxf6 32. gxf6 Kf7 33. b3
Rxc1+ 34. Qxc1 Qa5 35. Qc6 Qa1+ 36. Kg2 Qxf6 37. Qxb5 e3 38. Qa5 Qe7 39. Kf1 h5
40. Ne2 Qe4 41. Qxa7+ Kg8 42. Qb8+ Kh7 43. Qc7+ Kh6 44. Ng1 e2+ 45. Nxe2 Qxe2+
46. Kg1 Qd1+ 47. Kf2 Qf3+ 48. Kg1 Qxg3+ 0-1

[Event "34. Kieler Open 2022"]
[Site "Kiel"]
[Date "2022.08.02"]
[Round "6.6"]
[White "Boehme, Sebastian"]
[Black "Basey, Matthew"]
[Result "1-0"]
[WhiteElo "2168"]
[BlackElo "1991"]
[PlyCount "71"]
[EventDate "2022.??.??"]

1. e4 c5 2. Nf3 d6 3. Bb5+ Bd7 4. Bxd7+ Qxd7 5. c4 Nf6 6. Nc3 Nc6 7. d4 cxd4 8.
Nxd4 g6 9. f3 Bg7 10. Be3 O-O 11. O-O Rac8 12. b3 Nxd4 13. Bxd4 b6 14. a4 Qb7
15. Qd3 e6 16. a5 d5 17. cxd5 Rfd8 18. axb6 axb6 19. Rad1 Qb8 20. g3 h5 21.
dxe6 fxe6 22. e5 Nd5 23. Nb5 Ne7 24. Nd6 Rc6 25. Qe4 Rc7 26. g4 Rcd7 27. Rc1
Rxd6 28. exd6 Qxd6 29. Bxg7 Kxg7 30. gxh5 Rh8 31. Rfd1 Qa3 32. Qe5+ Kh7 33.
Qxe6 gxh5 34. Qf7+ Kh6 35. Rc6+ Kg5 36. Qf6# 1-0